Fictional Character by Jack-in-the-Box Toy Quiz Stats

Quiz Updated Oct 10, 2017

Challenge
Share
Tweet
Score 0/20 Timer 05:00
9 Plays Today
% Correct
Popeye
98.2%
The Cat in the Hat
96.2%
Shrek
95.7%
Captain America
95.3%
Winnie the Pooh
94.6%
Casper the Friendly Ghost
94%
Dorothy Gale
92.6%
Humpty Dumpty
92.2%
The Joker
91.7%
Alvin
90.9%
% Correct
Curious George
89.2%
Paddington Bear
87.5%
Oscar the Grouch
85.6%
Woody Woodpecker
84.9%
Krusty the Clown
83.5%
Olaf
81.9%
Peter Rabbit
79.6%
Babar the Elephant
76.6%
The Very Hungry Caterpillar
73.4%
Buddy the Elf
67.7%

You're not logged in!

Compare scores with friends on all Sporcle quizzes.
Sign Up with Email
OR
Log In

You Might Also Like...

Show Comments

Extras

Top Quizzes Today


Score Distribution

Your Account Isn't Verified!

In order to create a playlist on Sporcle, you need to verify the email address you used during registration. Go to your Sporcle Settings to finish the process.

Report this User

Report this user for behavior that violates our Community Guidelines.

Details: